Diccionario de administración de empresas (Registro nro. 2377)

Detalles MARC
000 -Cabecera
Campo de control de longitud fija 00457aam a2200169 4500
005 - Fecha y hora de la última transacción
Campo de control 20250219184345.0
008 - Elementos de longitud fija--Información general
Campo de control de longitud fija 150528b2006 xxu||||| |||| 00| 0 spa d
041 ## - Idioma
Código de idioma Español
082 ## - Clasificación Decimal Dewey
Número de clasificación R 658.03 O39d
Número de documento/ítem
100 ## - Entrada principal--Autor personal
Nombre personal Ojeda Hernández, Félix
245 ## - Título propiamente dicho
Título Diccionario de administración de empresas
260 ## - Pie de imprenta
Lugar de publicación, distribución, etc. Argentina
Nombre del editor, distribuidor, etc. Claridad
Fecha de publicación, distribución, etc. 2006
300 ## - Descripción física
Extensión 422 páginas
650 ## - Materia general
Temática (materia general) ADMINISTRACIÓN DE EMPRESAS
650 ## - Materia general
Temática (materia general) DICCIONARIO
942 ## - Punto de acceso adicional KOHA
Tipo de ítem KOHA Referencia
Fuente del sistema de clasificación o colocación Dewey Decimal Classification
Existencias
Signatura completa Código de barras Tipo de ítem
R 658.03 O39d 15266 Referencia